000 00509nam a2200217Ia 4500
001 13805
003 GE_BSU
008 181216s||||||||xx |||||||||||||| ||und||
020 _a0852970595
040 _cGE_BSU
080 _a336.6
100 _aWatson,Alasdair.
245 _aFinance of international trade.
250 _a2-nd edition.
260 _aLondon.
260 _bThe institute of bankers.
260 _c1981
300 _a333p;25cm.
653 _aFinance of international trade.
942 _cBK
999 _c46951
_d46951